| 000 | 00517cam a2200193ua 4500 | ||
|---|---|---|---|
| 001 | 6919 | ||
| 005 | 20260515114128.0 | ||
| 008 | 140307n ii |||gr||||Z||||||asm | ||
| 040 | _cMAIN | ||
| 082 | _a519.5 | ||
| 245 |
_aParisankhya bigyan _cBy Humeswar kakoti |
||
| 250 | _a1st ed. | ||
| 260 |
_aDibrugarh: _bPathyaputhi prastuti samanay samiti, _c1972. |
||
| 300 | _ax,163p. | ||
| 653 | _aProbabilities & applied mathematics | ||
| 653 | _aParisankhya bigyan | ||
| 700 |
_aKakoti,Humeswar, _eAuthor., |
||
| 942 | _cBK | ||
| 999 |
_c6060 _d6060 |
||